000 01222nam a2200301 i 4500
001 49528
003 ES-MaACL
005 20250827030514.0
007 t|
008 030717m18901893sp ||||1| spa d
080 _a347.961(100)
080 _a347.235(100)
100 1 _aCosta, Joaquín,
_d1846-1911
_941054
245 1 0 _aReorganización del Notariado, del Registro de la Propiedad y de la administración de justicia /
_cpor Joaquín Costa.
260 _aMadrid :
_b[s.n.],
_c1890-1893 (
_fImp. de la Revista de Legislación, a cargo de J.M. Sardá)
300 _aVII, 347 p. ;
_c22 cm.
505 8 _aApéndice: La casación, el Tribunal Supremo y la jurisprudencia
530 _aDisponible en formato digital.
650 7 _aNotariado
_2embne
_915597
650 4 _aFe pública-
_zEspaña.
_912735
650 4 _aRegistro de la propiedad.
_916757
650 4 _aAdministración de justicia.
_99620
650 4 _aProcedimiento civil.
_916419
852 4 _aES-MaACL
_jB-3616
856 4 _uhttp://bdh-rd.bne.es/viewer.vm?id=0000084208&page=1
_zBiblioteca Digital Hispánica
856 4 _uhttps://bibliotecavirtual.aragon.es/es/consulta/registro.do?id=3526
_zBiblioteca Virtual de Aragón
999 _c49528
_d49528